<?xml version="1.0" encoding="UTF-8"?>
<collection xmlns="http://www.loc.gov/MARC21/slim">
 <record>
  <leader>00993pamaa2200241   4500</leader>
  <controlfield tag="001">0000043426</controlfield>
  <controlfield tag="005">20140506090000.0</controlfield>
  <controlfield tag="008">080325                             eng  </controlfield>
  <datafield tag="020" ind1="0" ind2="0">
   <subfield code="a">067232928X (pbk.) </subfield>
  </datafield>
  <datafield tag="090" ind1="0" ind2="0">
   <subfield code="a">QA76.9.C55 </subfield>
   <subfield code="b">MEY 2007</subfield>
  </datafield>
  <datafield tag="100" ind1="1" ind2="0">
   <subfield code="a">Meyler </subfield>
  </datafield>
  <datafield tag="245" ind1="1" ind2="0">
   <subfield code="a">Microsoft Operations Manager 2005 unleashed  </subfield>
   <subfield code="c">Kerrie Meyler, Cameron Fuller, with Chris Amaris, John Joyner, Alec Minty.</subfield>
  </datafield>
  <datafield tag="260" ind1="0" ind2="0">
   <subfield code="a">Indianapolis, Ind.: </subfield>
   <subfield code="b">Sams, </subfield>
   <subfield code="c">2007.</subfield>
  </datafield>
  <datafield tag="300" ind1=" " ind2=" ">
   <subfield code="a">xxii, 956 p.: </subfield>
   <subfield code="b">ill.; </subfield>
   <subfield code="c">24 cm..</subfield>
  </datafield>
  <datafield tag="500" ind1="0" ind2="0">
   <subfield code="a">&quot;With a preview of Operations manager 2007&quot;--Cover</subfield>
  </datafield>
  <datafield tag="500" ind1="0" ind2="0">
   <subfield code="a">Includes 1 CD-ROM titled &quot;Microsoft Operations Manager 2005 unleashed / Kerrie Meyler, Cameron Fuller, with Chris Amaris, John Joyner, Alec Minty&quot;.</subfield>
  </datafield>
  <datafield tag="501" ind1="0" ind2="0">
   <subfield code="a">FOCIT</subfield>
  </datafield>
  <datafield tag="504" ind1="0" ind2="0">
   <subfield code="a">Includes bibliographical references (p. [907]-916) and index</subfield>
  </datafield>
  <datafield tag="650" ind1="0" ind2="0">
   <subfield code="a">Client/server computing </subfield>
  </datafield>
  <datafield tag="650" ind1="0" ind2="0">
   <subfield code="a">Microsoft Windows server </subfield>
  </datafield>
  <datafield tag="700" ind1="1" ind2="1">
   <subfield code="a">Fuller, </subfield>
   <subfield code="h">Cameron </subfield>
  </datafield>
  <datafield tag="700" ind1="1" ind2="1">
   <subfield code="a">Amaris, </subfield>
   <subfield code="h">Chris </subfield>
  </datafield>
  <datafield tag="901" ind1=" " ind2=" ">
   <subfield code="u">http://www.samspublishing.com</subfield>
  </datafield>
 </record>
</collection>
